Systematka - Statystyki

Ogólne statystyki
  • Ten quiz został rozwiązany 26 razy
  • Średni wynik to 7 z 9
Statystyki odpowiedzi
My Takson % Poprawnych
Człowiek Rozumny Gatunek
95%
Zwierzęta Królestwo
90%
Człowiekowate Rodzina
90%
Strunowce Typ
86%
Człowiek Rodzaj
81%
Eukarionty Domena
67%
Ssaki Gromada
67%
Kręgowce Podtyp
62%
Naczelne Rząd
62%
Nie znaleziono quizów pasujących do podanych kryteriów
Rozkład punktacji
Procent ludzi z każdym wynikiem
Percentyl według liczby udzielonych odpowiedzi
Twoja historia wyników
Nie rozwiązałeś tego quizu